| 000 -LEADER |
| fixed length control field |
00504cam a22001457a 4500 |
| 008 - FIXED-LENGTH DATA ELEMENTS--GENERAL INFORMATION |
| fixed length control field |
180718b2002 xxu||||| |||| 00| 0 eng d |
| 082 ## - DEWEY DECIMAL CLASSIFICATION NUMBER |
| Classification number |
V431x54 Si64 |
| 245 ## - TITLE STATEMENT |
| Title |
Large dams in India: environmental, social and economic impacts |
| Statement of responsibility, etc. |
edited by Shekhar Singh and Pranab Banerji |
| 260 ## - PUBLICATION, DISTRIBUTION, ETC. |
| Place of publication, distribution, etc. |
New Delhi |
| Name of publisher, distributor, etc. |
Indian Institute of Public Administration |
| Date of publication, distribution, etc. |
2002 |
| 300 ## - PHYSICAL DESCRIPTION |
| Extent |
338p. |
| 650 ## - SUBJECT ADDED ENTRY--TOPICAL TERM |
| Topical term or geographic name entry element |
Dams - India |
| 650 ## - SUBJECT ADDED ENTRY--TOPICAL TERM |
| Topical term or geographic name entry element |
Dams - Environmental aspects - India |
| 700 ## - ADDED ENTRY--PERSONAL NAME |
| Personal name |
Banerji, Pranab |
| 700 ## - ADDED ENTRY--PERSONAL NAME |
| Personal name |
Singh, Shekhar |